000
00250nam a2200085Ia 4500
245
0
_a
The angel of Grozny : inside Chechnya
100
_a
SEIERSTAD, Asne London, 2009 Pbk. ed
_9
96054
942
_c
BK
008
210817s9999 xx 000 0 und d
999
_c
402131
_d
402130